000 00258nam a22001217a 4500
008 170313b xxu||||| |||| 00| 0 eng d
041 _aeng
080 _a591
100 _a7
101 _aSHM
245 _aAUTOPSY OF THE HORSE
_cROONEY, J.R
942 _2udc
_cBK
999 _c7721
_d7721